Fr. Conceicao Rodrigues College of Engineering

Visuals C++ 5 Unleashed (Record no. 20492)

MARC details
000 -LEADER
fixed length control field 00291nam a2200145Ia 4500
082 ## - DEWEY DECIMAL CLASSIFICATION NUMBER
Classification number 005.13'C++
Item number TOT
100 ## - MAIN ENTRY--PERSONAL NAME
Personal name Toth/Vicker
250 ## - EDITION STATEMENT
Edition statement 2
245 ## - TITLE STATEMENT
Title Visuals C++ 5 Unleashed
260 ## - PUBLICATION, DISTRIBUTION, ETC.
Name of publisher, distributor, etc. SAMS
Date of publication, distribution, etc. 1997
300 ## - PHYSICAL DESCRIPTION
Extent 1069
546 ## - LANGUAGE NOTE
Language note ENGLISH
654 ## - SUBJECT ADDED ENTRY--FACETED TOPICAL TERMS
Focus term Computer
942 ## - ADDED ENTRY ELEMENTS (KOHA)
Koha item type BOOK
Holdings
Withdrawn status Lost status Damaged status Not for loan Collection Home library Current library Date acquired Total Checkouts Full call number Barcode Date last seen Price effective from Koha item type
        CRC Fr. Agnel's C.Rodrigues College of Engineering Fr. Agnel's C.Rodrigues College of Engineering 17/03/2023   005.13'C++ TOT 12180 17/03/2023 17/03/2023 BOOK